Online Catalogue and eLibrary

Eelathu samakala thamil ilakkiyam (Record no. 4257)

MARC details
000 -LEADER
fixed length control field 00369nam a2200145Ia 4500
005 - DATE AND TIME OF LATEST TRANSACTION
control field 20250313110045.0
008 - FIXED-LENGTH DATA ELEMENTS--GENERAL INFORMATION
fixed length control field 240331s9999 xx 000 0 und d
082 ## - DDC Classification
Item Number - Author Mark EEL
Class No. 894
245 #0 - TITLE STATEMENT
Title Eelathu samakala thamil ilakkiyam
260 ## - PUBLICATION, DISTRIBUTION, ETC.
Place of publication, distribution, etc. Nugegoda
Name of publisher, distributor, etc. vibavi Cultural Centre
300 ## - PHYSICAL DESCRIPTION
Extent (e.g. Volumes, Pages etc.) viii, 86 p .,
650 ## - SUBJECT ADDED ENTRY--TOPICAL TERM
Topical term or geographic name entry element Tamil Illakiyam
700 ## - ADDED ENTRY--PERSONAL NAME
Personal name Vibavi.
Relator term (Role) Editor
942 ## - Koha item type (Biblio)
Koha item type Books in Stacks (Lending)
Holdings
Lost status Damaged status Collection code Home library Current library Shelving location Date acquired Full call number Accession Number Item type
    Lending WERC Library WERC Library Social Science Cupboard 03/31/2024 894.811 EEL 2969 Books in Stacks (Lending)

© WERC Library